Statistics for Colleges producing multiple first overall NFL draft picks

Click here to take the quiz!

General Stats

  • This quiz has been taken 493 times
    (467 since last reset)
  • The average score is 11 of 17

Answer Stats

TimesYearsAnswer% Correct
51976, 1980, 2010, 2018, 2019Oklahoma
86%
31966, 1978, 1982Texas
81%
21941, 2008Michigan
81%
31979, 1994, 1997Ohio State
81%
31960, 2007, 2020LSU
80%
51968, 1969, 1977, 1996, 2003USC
79%
41943, 1945, 1953, 2009Georgia
77%
41965, 1986, 1988, 2011Auburn
67%
51944, 1946, 1950, 1957, 1972Notre Dame
64%
21940, 1998Tennessee
62%
41954, 1971, 1983, 2012Stanford
62%
21995, 2000Penn State
61%
21987, 1991Miami
58%
21937, 1984Nebraska
44%
21981, 2014South Carolina
40%
21985, 2001Virginia Tech
40%
21975, 2016California
39%

Score Distribution

Percentile by Number Answered

Percent of People with Each Score

Your Score History

You have not taken this quiz since the last reset